[Event "TCh-ESP"]
[Site "Lanzarote ESP"]
[Date "2003.05.12"]
[Round "7"]
[White "Teran Alvarez,I"]
[Black "Short,N"]
[Result "1/2-1/2"]
[WhiteElo "2385"]
[BlackElo "2686"]
[EventDate "2003.05.06"]

1. e4 e6 2. d4 d5 3. Nc3 Bb4 4. e5 c5 5. a3 Bxc3+ 6. bxc3 Qc7 7. Qg4 f5 8.
Qg3 cxd4 9. cxd4 Ne7 10. Bd2 O-O 11. Bd3 b6 12. Ne2 Ba6 13. Nf4 Qd7 14. h4
Bxd3 15. Qxd3 Rc8 16. Rh3 Rc4 17. Rg3 Nbc6 18. c3 Rf8 19. Kf1 Rf7 20. Kg1
Na5 21. a4 Qc6 22. Ra3 Kf8 23. Qb1 Nb7 1/2-1/2

[Event "TCh-ESP"]
[Site "Lanzarote ESP"]
[Date "2003.05.12"]
[Round "7"]
[White "Martin Gonzalez,An"]
[Black "Lezcano Jaen,P"]
[Result "1/2-1/2"]
[WhiteElo "2414"]
[BlackElo "2404"]
[EventDate "2003.05.06"]

1. e4 b6 2. d4 Bb7 3. Bd3 e6 4. Nf3 c5 5. O-O cxd4 6. Nxd4 Nc6 7. Be3 Nge7
8. Nb5 Ng6 9. Nd2 a6 10. Nc3 Bc5 11. Bxc5 bxc5 12. Qh5 d6 13. f4 O-O 14.
Nc4 e5 15. g3 exf4 16. gxf4 Nb4 17. f5 Ne5 18. Nxe5 dxe5 19. Rf3 Nxd3 20.
cxd3 Qf6 21. Kh1 Rfd8 22. Rg1 Rd6 23. Rh3 h6 24. Rhg3 Rad8 25. Qe2 Kf8 26.
b3 Qxf5 27. Rxg7 Rxd3 28. Rg8+ Ke7 29. Rxd8 Rxc3 30. Re1 Qxe4+ 31. Qxe4
Bxe4+ 32. Rxe4 Kxd8 33. Rxe5 Rc2 34. Rh5 Rxa2 35. Rxc5 Ke7 36. Rh5 Rb2 37.
Rxh6 a5 38. Ra6 1/2-1/2

[Event "TCh-ESP"]
[Site "Lanzarote ESP"]
[Date "2003.05.12"]
[Round "7"]
[White "Arizmendi Martinez,J"]
[Black "Baron Rodriguez,Je"]
[Result "1/2-1/2"]
[WhiteElo "2516"]
[BlackElo "2418"]
[EventDate "2003.05.06"]

1. e4 e5 2. Nf3 Nc6 3. d4 exd4 4. Nxd4 Nf6 5. Nxc6 bxc6 6. e5 Qe7 7. Qe2
Nd5 8. c4 Ba6 9. b3 g5 10. g3 Bg7 11. Bb2 O-O-O 12. Nd2 Nb4 13. O-O-O Nxa2+
14. Kb1 Nb4 15. Qe3 c5 16. Ne4 Bb7 17. Bh3 f5 18. Bxf5 Rhf8 19. Bh3 Bxe5
20. Rhe1 Bd4 1/2-1/2

[Event "TCh-ESP"]
[Site "Lanzarote ESP"]
[Date "2003.05.12"]
[Round "7"]
[White "Fernandez Garcia,Jo"]
[Black "Granados Gomez,M"]
[Result "1-0"]
[WhiteElo "2452"]
[BlackElo "2417"]
[EventDate "2003.05.06"]

1. e4 e5 2. Bc4 Nf6 3. d3 Nc6 4. Nc3 Na5 5. Nge2 c6 6. O-O b5 7. Bb3 b4 8.
Na4 Nxb3 9. axb3 d5 10. Be3 d4 11. Bg5 Rb8 12. f4 h6 13. Bh4 g5 14. fxe5
Ng4 15. Bf2 Nxf2 16. Rxf2 Bg7 17. Ng3 Bxe5 18. Qh5 Qe7 19. Raf1 Bf4 20. Kh1
Be6 21. Rxf4 gxf4 22. Qe5 O-O 23. Nf5 Qg5 24. h4 Rb5 25. Nc5 Rxc5 26. Qxc5
Qf6 27. Qxd4 Qxd4 28. Nxd4 c5 29. Ne2 f5 30. e5 f3 31. Rxf3 Bd5 32. Rg3+
Kh8 33. Nf4 Rg8 34. Kh2 Rxg3 35. Kxg3 Bg8 36. Kf3 Kg7 37. Ke3 a5 38. d4
cxd4+ 39. Kxd4 Kf7 40. Kc5 1-0

[Event "TCh-ESP"]
[Site "Lanzarote ESP"]
[Date "2003.05.12"]
[Round "7"]
[White "Sokolov,I"]
[Black "Fernandez Romero,Ern"]
[Result "1-0"]
[WhiteElo "2677"]
[BlackElo "2413"]
[EventDate "2003.05.06"]

1. d4 e6 2. c4 Bb4+ 3. Bd2 Qe7 4. e4 d5 5. e5 Nc6 6. Nf3 Bxd2+ 7. Qxd2 dxc4
8. Nc3 Nh6 9. Bxc4 O-O 10. a3 Rd8 11. Rd1 b6 12. Qf4 Bb7 13. O-O Na5 14.
Ba2 Bxf3 15. Qxf3 c5 16. d5 Rf8 17. Qe4 Nf5 18. b4 Nb7 19. d6 Qd7 20. Bb1
g6 21. Qf4 f6 22. Ne4 fxe5 23. Qxe5 Nd4 24. bxc5 1-0

[Event "TCh-ESP"]
[Site "Lanzarote ESP"]
[Date "2003.05.12"]
[Round "7"]
[White "Franco Ocampos,Z"]
[Black "Bellon Lopez,JuM"]
[Result "1-0"]
[WhiteElo "2523"]
[BlackElo "2422"]
[EventDate "2003.05.06"]

1. Nf3 c5 2. c4 g6 3. d4 Bg7 4. e4 d6 5. Nc3 Qa5 6. Rb1 Bg4 7. d5 Nd7 8.
Bd2 Ne5 9. Be2 Nxf3+ 10. Bxf3 Bxf3 11. Qxf3 Nf6 12. O-O O-O 13. Qe2 Nd7 14.
f4 Rae8 15. e5 dxe5 16. f5 gxf5 17. Rxf5 e6 18. Rg5 f5 19. Rf1 Qb6 20. Qd3
Kh8 21. dxe6 Qxe6 22. Rgxf5 Rxf5 23. Qxf5 e4 24. Rf4 Bd4+ 25. Kf1 Qxc4+ 26.
Ne2 Nf6 27. Bc3 Bxc3 28. bxc3 Re6 29. g4 Qd5 30. g5 e3 31. Qxd5 Nxd5 32.
Rf7 Rb6 33. Rd7 Rb1+ 34. Kg2 Rb2 35. Kf3 Rd2 36. Rxb7 Rxa2 37. h4 Ra4 38.
h5 h6 39. Rd7 Nxc3 40. Nxc3 Rd4 41. Rxa7 hxg5 42. Ne2 Rh4 43. Ng3 Kg8 44.
Rc7 c4 45. Kxe3 Kf8 46. Rc5 Kf7 47. Rxg5 Kf6 48. Rf5+ Ke6 49. Rf4 Rh3 50.
Kf3 c3 51. Rc4 Kf6 52. Kg2 1-0

[Event "TCh-ESP"]
[Site "Lanzarote ESP"]
[Date "2003.05.12"]
[Round "7"]
[White "Toledano Llinares,J"]
[Black "Reinaldo Castineira,R"]
[Result "0-1"]
[WhiteElo "2357"]
[BlackElo "2405"]
[EventDate "2003.05.06"]

1. e4 e6 2. d3 c5 3. Nf3 Nc6 4. g3 g6 5. Bg5 Qb6 6. Qc1 Bg7 7. c3 Nge7 8.
Bg2 Qa6 9. Qc2 d5 10. O-O h6 11. Bd2 O-O 12. Re1 b5 13. Be3 d4 14. cxd4
cxd4 15. Bd2 e5 16. b4 Be6 17. a4 Rfc8 18. Qd1 bxa4 19. Qxa4 Qxa4 20. Rxa4
Rcb8 21. Rc1 Rb6 22. Ra1 Nxb4 23. Ne1 Nbc6 24. Kf1 Rb2 25. Ke2 h5 26. Na3
Na5 27. Nc4 Nxc4 28. dxc4 Bh6 29. f4 exf4 30. Rc2 Rxc2 31. Nxc2 f3+ 32.
Bxf3 d3+ 33. Ke1 Bxd2+ 34. Kxd2 dxc2 35. Kxc2 Bc8 0-1

[Event "TCh-ESP"]
[Site "Lanzarote ESP"]
[Date "2003.05.12"]
[Round "7"]
[White "Barrero Garcia,C"]
[Black "Moreno Carnero,J"]
[Result "1/2-1/2"]
[WhiteElo "2327"]
[BlackElo "2504"]
[EventDate "2003.05.06"]

1. d4 Nf6 2. c4 g6 3. Nc3 Bg7 4. e4 d6 5. Nf3 O-O 6. Be2 e5 7. d5 a5 8. Bg5
h6 9. Bh4 Na6 10. O-O Qe8 11. Nd2 Bd7 12. Rb1 Nh7 13. b3 h5 14. f3 Bh6 15.
a3 Be3+ 16. Kh1 Bc5 17. Qc1 f5 18. exf5 gxf5 19. Bf2 Bxf2 20. Rxf2 c5 21.
Na4 Qd8 22. f4 e4 23. Nf1 Nf6 24. h3 Kf7 25. Qd1 Rh8 26. g3 Qc7 27. Nc3
Rag8 28. Nb5 Qb8 29. Rg2 Ke7 30. Ne3 Rg6 31. Qd2 b6 32. Qc3 Rhg8 33. Rbg1
Kf7 34. Qe5 R8g7 35. Qc3 Rg8 1/2-1/2

[Event "TCh-ESP"]
[Site "Lanzarote ESP"]
[Date "2003.05.12"]
[Round "7"]
[White "Jerez Perez,A"]
[Black "Villavicencio,A"]
[Result "1/2-1/2"]
[WhiteElo "2415"]
[BlackElo "2334"]
[EventDate "2003.05.06"]

1. d4 d5 2. c4 dxc4 3. e3 Nf6 4. Bxc4 e6 5. Nf3 a6 6. O-O c5 7. Nc3 b5 8.
Bb3 Bb7 9. Qe2 Nbd7 10. Rd1 Be7 11. d5 exd5 12. Nxd5 Nxd5 13. Bxd5 Bxd5 14.
Rxd5 Qc7 15. e4 O-O 16. e5 1/2-1/2

[Event "TCh-ESP"]
[Site "Lanzarote ESP"]
[Date "2003.05.12"]
[Round "7"]
[White "De la Rocha,R"]
[Black "Vassallo,M"]
[Result "1/2-1/2"]
[WhiteElo "2335"]
[BlackElo "2440"]
[EventDate "2003.05.06"]

1. c4 Nf6 2. g3 e5 3. Bg2 Nc6 4. Nc3 Bc5 5. e3 d5 6. cxd5 Nb4 7. d3 Nfxd5
8. Nxd5 Nxd5 9. a3 O-O 10. Nf3 Bd6 11. O-O Re8 12. Qc2 Bg4 13. h3 Bh5 14.
Nd2 c6 15. Nc4 Bf8 16. b4 Qd7 17. Bb2 f6 18. Rfe1 Bg6 19. Rad1 Nc7 20. Na5
Ne6 21. Qc4 Bf7 22. Qc1 Rad8 23. h4 Rc8 24. d4 exd4 25. exd4 Bd6 26. Qd2
Nf8 27. Rxe8 Bxe8 28. Nc4 Bh5 29. Re1 Bf7 30. Ne3 Bb8 31. d5 c5 32. Be4 Bg6
33. Bxg6 Nxg6 34. bxc5 Rxc5 35. Qb4 Rb5 36. Qd2 Be5 37. Bxe5 Nxe5 38. Kg2
Rb3 39. Rc1 h5 40. d6 Rd3 41. Qe2 Rxd6 42. Qxh5 g6 43. Qh6 Rd2 44. Rc5 Rd6
1/2-1/2

[Event "TCh-ESP"]
[Site "Lanzarote ESP"]
[Date "2003.05.12"]
[Round "7"]
[White "Garcia Padron,Jo"]
[Black "Estremera Panos,S"]
[Result "1/2-1/2"]
[WhiteElo "2421"]
[BlackElo "2370"]
[EventDate "2003.05.06"]

1. d4 Nf6 2. Nf3 e6 3. c4 b6 4. e3 Bb7 5. Bd3 d5 6. b3 Be7 7. O-O O-O 8.
Bb2 c5 9. Nbd2 cxd4 10. exd4 Nc6 11. Rc1 Rc8 12. Qe2 Re8 13. Rfd1 Bf8 14.
Bb1 g6 15. Nf1 Bg7 16. Ne3 Ne4 17. Ne5 Nxe5 18. dxe5 Qg5 19. cxd5 exd5 20.
Rxc8 Rxc8 21. Nxd5 Bxd5 22. Bxe4 Be6 23. Qd2 Qxd2 24. Rxd2 Bxe5 25. Bb7 Bf4
26. Bxc8 Bxd2 27. Bxe6 fxe6 28. Kf1 Kf7 29. Ke2 Bf4 30. Kf3 Bd6 31. Bd4 e5
32. Be3 Ke6 33. Ke4 Bc7 34. a4 a6 35. f3 b5 36. Bf2 Bd6 37. g4 Bc7 38. Bg3
bxa4 39. bxa4 h5 40. h3 Bd6 41. Bh2 1/2-1/2

[Event "TCh-ESP"]
[Site "Lanzarote ESP"]
[Date "2003.05.13"]
[Round "8"]
[White "Marin,M"]
[Black "Campos Moreno,J"]
[Result "0-1"]
[WhiteElo "2568"]
[BlackElo "2480"]
[EventDate "2003.05.06"]

1. c4 e6 2. Nf3 d5 3. d4 Nf6 4. g3 Bb4+ 5. Bd2 Be7 6. Bg2 O-O 7. O-O c6 8.
Qc2 b6 9. Rd1 Ba6 10. b3 Nbd7 11. a4 Rc8 12. a5 b5 13. c5 Ne4 14. b4 f5 15.
Be1 Bf6 16. Nbd2 Qc7 17. Nb3 Rce8 18. Ra2 g5 19. Nfd2 Bg7 20. Qc1 Nef6 21.
Nf1 f4 22. Nfd2 Bc8 23. gxf4 gxf4 24. Nf3 a6 25. Qc2 Kh8 26. Nc1 e5 27.
dxe5 Nxe5 28. Nd3 Nc4 29. Bc3 Ne4 30. Ba1 Bxa1 31. Raxa1 Qg7 32. Kh1 Bf5
33. Qc1 Nc3 34. Nxf4 Nxd1 35. Qxd1 Bg4 36. e3 Ne5 37. Ra3 Ng6 38. h3 Bxf3
39. Qxf3 Nxf4 40. exf4 Re4 0-1

[Event "TCh-ESP"]
[Site "Lanzarote ESP"]
[Date "2003.05.13"]
[Round "8"]
[White "Matamoros Franco,C"]
[Black "Gurevich,M"]
[Result "0-1"]
[WhiteElo "2472"]
[BlackElo "2635"]
[EventDate "2003.05.06"]

1. Nf3 d5 2. d4 Bf5 3. c4 e6 4. Nc3 c6 5. Qb3 Qc8 6. g3 Be7 7. Bg2 Nf6 8.
Bf4 Nbd7 9. Rc1 dxc4 10. Qxc4 Nd5 11. Bg5 Nxc3 12. bxc3 Ba3 13. Ra1 Bc2 14.
e3 h6 15. Bf4 Bb2 16. Kd2 Nb6 17. Qe2 Be4 18. Rab1 Na4 0-1

[Event "TCh-ESP"]
[Site "Lanzarote ESP"]
[Date "2003.05.13"]
[Round "8"]
[White "Kolev,At"]
[Black "Karpov,Ana"]
[Result "1/2-1/2"]
[WhiteElo "2556"]
[BlackElo "2686"]
[EventDate "2003.05.06"]

1. e4 e5 2. Nf3 Nf6 3. Nxe5 d6 4. Nf3 Nxe4 5. d4 d5 6. Bd3 Nc6 7. O-O Be7
8. c4 Nb4 9. Be2 O-O 10. Nc3 Bf5 11. a3 Nxc3 12. bxc3 Nc6 13. Re1 Be6 14.
cxd5 Bxd5 15. Bd3 Bf6 16. Bf4 Ne7 17. c4 Bxf3 18. Qxf3 Bxd4 19. Rad1 Ng6
20. Be3 c5 21. Bxg6 hxg6 22. Qxb7 Qb6 23. Qxb6 axb6 24. Bxd4 cxd4 25. Rxd4
Rxa3 26. Rb1 1/2-1/2

[Event "TCh-ESP"]
[Site "Lanzarote ESP"]
[Date "2003.05.13"]
[Round "8"]
[White "San Segundo Carrillo,P"]
[Black "Damljanovic,B"]
[Result "1/2-1/2"]
[WhiteElo "2515"]
[BlackElo "2587"]
[EventDate "2003.05.06"]

1. Nf3 Nf6 2. c4 b6 3. d4 e6 4. e3 Bb7 5. Bd3 d5 6. b3 Bd6 7. Bb2 Nbd7 8.
Nc3 a6 9. O-O O-O 10. Rc1 Re8 11. cxd5 exd5 12. Ne2 Ne4 13. Ng3 g6 14. Qc2
1/2-1/2

[Event "TCh-ESP"]
[Site "Lanzarote ESP"]
[Date "2003.05.13"]
[Round "8"]
[White "Giorgadze,G"]
[Black "Short,N"]
[Result "1-0"]
[WhiteElo "2593"]
[BlackElo "2686"]
[EventDate "2003.05.06"]

1. d4 e6 2. c4 b6 3. Nc3 Bb7 4. a3 g6 5. e4 Bg7 6. Nf3 d6 7. Bd3 Nd7 8. O-O
h6 9. Be3 Ngf6 10. Nd2 c5 11. Nb5 Qb8 12. d5 Ne5 13. Be2 exd5 14. cxd5 a6
15. f4 Ned7 16. Nc3 O-O 17. a4 Qc7 18. Bc4 Rae8 19. Qf3 Nh7 20. Rae1 Kh8
21. Qg3 Bc8 22. Kh1 Qd8 23. Bd3 Ndf6 24. Nc4 Ng4 25. Bg1 h5 26. h3 h4 27.
Qf3 Ngf6 28. Bh2 Nh5 29. e5 dxe5 30. fxe5 Ng5 31. Qf2 b5 32. axb5 axb5 33.
Nd6 c4 34. Nxe8 Rxe8 35. Bc2 b4 36. Nb5 b3 37. Nd6 bxc2 38. Nxe8 Qxe8 39.
Qxh4 Qd8 40. Qxc4 Bb7 41. h4 Bxd5 42. Qxc2 Ne6 43. Qf2 f5 44. exf6 Bxf6 45.
Qd2 Bxh4 46. Rxe6 1-0

[Event "TCh-ESP"]
[Site "Lanzarote ESP"]
[Date "2003.05.13"]
[Round "8"]
[White "Corral Blanco,J"]
[Black "Teran Alvarez,I"]
[Result "1/2-1/2"]
[WhiteElo "2456"]
[BlackElo "2385"]
[EventDate "2003.05.06"]

1. d4 e6 2. c4 f5 3. g3 Nf6 4. Bg2 c6 5. Nf3 d5 6. O-O Bd6 7. Qc2 O-O 8.
Nbd2 b6 9. Ne5 Bb7 10. Nd3 Nbd7 11. b4 Rc8 12. c5 Bb8 13. Nf3 Ba6 14. Ng5
Re8 15. f4 Ne4 16. Nf3 h6 17. Be3 Ndf6 18. Nfe5 Nd7 19. Nf3 Qe7 20. Rfc1
Kh8 21. Qd1 Rg8 22. Nfe5 Nxe5 23. dxe5 b5 1/2-1/2

[Event "TCh-ESP"]
[Site "Lanzarote ESP"]
[Date "2003.05.13"]
[Round "8"]
[White "Rodriguez,Or"]
[Black "Narciso Dublan,M"]
[Result "1/2-1/2"]
[WhiteElo "2464"]
[BlackElo "2501"]
[EventDate "2003.05.06"]

1. Nf3 c5 2. g3 b6 3. Bg2 Bb7 4. O-O g6 5. d3 Bg7 6. e4 e6 7. Nc3 Ne7 8.
Bf4 d6 9. Qd2 h6 10. e5 dxe5 11. Bxe5 Bxe5 12. Nxe5 Bxg2 13. Kxg2 Nbc6 14.
Ng4 Nd4 15. Qf4 Nec6 16. Ne4 f5 17. c3 g5 18. Qc1 Nb5 19. Qe3 fxg4 20. f4
Nd6 21. Rae1 Nf5 22. Qe2 Qd5 23. c4 Qd4 24. Nxc5 Ne3+ 25. Qxe3 Qxe3 26.
Rxe3 bxc5 27. Rxe6+ Kd7 28. Rg6 Rag8 29. Rf6 gxf4 30. R1xf4 Rh7 31. Kf1 Rg5
32. a3 a5 33. b3 h5 34. d4 cxd4 35. b4 axb4 36. axb4 d3 37. b5 Ne5 38. c5
Re7 39. Ra4 d2 40. Rd4+ Kc7 41. Rxd2 Nd7 42. b6+ Kc8 43. Rc6+ Kb8 44. Rc7
Rf5+ 45. Kg2 Rxc5 46. Rdxd7 Rxd7 47. Rxc5 Rd2+ 48. Kg1 Rd1+ 49. Kf2 Rd2+
1/2-1/2

[Event "TCh-ESP"]
[Site "Lanzarote ESP"]
[Date "2003.05.13"]
[Round "8"]
[White "Granados Gomez,M"]
[Black "Martin Gonzalez,An"]
[Result "1-0"]
[WhiteElo "2417"]
[BlackElo "2414"]
[EventDate "2003.05.06"]

1. c4 g6 2. Nc3 Bg7 3. e4 e5 4. g3 Ne7 5. Bg2 d6 6. Nge2 Nbc6 7. d3 O-O 8.
O-O Be6 9. Nd5 Qd7 10. Be3 f5 11. Qd2 Rf7 12. Rae1 Raf8 13. f3 fxe4 14.
dxe4 Nc8 15. b3 Nd8 16. Rd1 b6 17. Kh1 Kh8 18. Ndc3 Nc6 19. Qc1 Qe8 20. Nd5
Rd7 21. Nec3 N8e7 22. Nb5 Qc8 23. Qa3 Qb7 24. Ndxc7 Rxc7 25. Qxd6 Bxc4 26.
Qxc7 Qxc7 27. Nxc7 Bxf1 28. Rxf1 Nb4 29. Bg5 Nec6 30. Ne6 Re8 31. Nxg7 Kxg7
32. Rc1 Re6 33. a3 Nd3 34. Rc3 Rd6 35. h4 h6 36. Be3 Ne1 37. Kh2 h5 38. Bf2
Nd3 39. Be3 Ne1 40. Bg5 Kf7 41. Rc1 Nxg2 42. Kxg2 b5 43. Rc5 a6 44. b4 Ke6
45. Kf2 Kd7 46. Ke3 Re6 47. f4 Re8 48. Bf6 exf4+ 49. gxf4 Re6 50. e5 Na7
51. Ke4 Nc8 52. Rd5+ Kc7 53. f5 gxf5+ 54. Kxf5 Re8 55. Kg6 Nb6 56. Kf7 Nxd5
57. Kxe8 Nf4 58. Ke7 Kc6 59. Bg5 Nd5+ 60. Kf7 Nb6 61. e6 Nc8 62. e7 Nd6+
63. Kf8 Kd7 64. Bf4 1-0

[Event "TCh-ESP"]
[Site "Lanzarote ESP"]
[Date "2003.05.13"]
[Round "8"]
[White "Fernandez Romero,Ern"]
[Black "Lezcano Jaen,P"]
[Result "1/2-1/2"]
[WhiteElo "2413"]
[BlackElo "2404"]
[EventDate "2003.05.06"]

1. d4 Nf6 2. Nf3 e6 3. c4 d5 4. cxd5 exd5 5. Nc3 Bb4 6. Bg5 Nbd7 7. Rc1 c6
8. a3 Bd6 9. e3 O-O 10. Be2 Re8 11. O-O Nf8 12. Bh4 Bg4 13. Bg3 Ng6 14.
Bxd6 Qxd6 15. b4 a5 16. Rb1 axb4 17. axb4 b5 18. Ne1 Bxe2 19. Qxe2 Nd7 20.
Nd3 Nb6 21. Ra1 Nc4 22. Qg4 Qe7 23. Qg3 Nh4 24. Nc5 1/2-1/2

[Event "TCh-ESP"]
[Site "Lanzarote ESP"]
[Date "2003.05.13"]
[Round "8"]
[White "Sokolov,I"]
[Black "Franco Ocampos,Z"]
[Result "1-0"]
[WhiteElo "2677"]
[BlackElo "2523"]
[EventDate "2003.05.06"]

1. d4 d5 2. c4 c6 3. Nc3 Nf6 4. e3 a6 5. Nf3 b5 6. b3 Bg4 7. Be2 e6 8. O-O
Nbd7 9. h3 Bh5 10. Bb2 Be7 11. Ne5 Bxe2 12. Nxe2 Nxe5 13. dxe5 Nd7 14. Nd4
Qb6 15. Qg4 O-O 16. cxd5 cxd5 17. f4 Kh8 18. Kh1 Rac8 19. Rad1 b4 20. h4
Rfe8 21. e4 dxe4 22. f5 Nxe5 23. Qxe4 f6 24. Nxe6 Qc6 25. Rd5 Qc2 26. Qxc2
Rxc2 27. Bxe5 fxe5 28. h5 Bf6 29. Ra5 Rc6 30. g4 h6 31. Re1 Rec8 32. Re2
Kg8 33. Kg2 Rd6 34. Rc5 Rxc5 35. Nxc5 Kf7 36. Kf3 Rd5 37. Nxa6 Be7 38. Re4
Rd3+ 39. Ke2 Rh3 40. Nxb4 Bxb4 41. Rxb4 Rh2+ 42. Kd3 Rxa2 43. Re4 Kf6 44.
b4 1-0

[Event "TCh-ESP"]
[Site "Lanzarote ESP"]
[Date "2003.05.13"]
[Round "8"]
[White "Baron Rodriguez,Je"]
[Black "Fernandez Garcia,Jo"]
[Result "1/2-1/2"]
[WhiteElo "2418"]
[BlackElo "2452"]
[EventDate "2003.05.06"]

1. e4 e5 2. Nf3 Nc6 3. Bb5 a6 4. Bxc6 dxc6 5. O-O f6 6. d4 exd4 7. Nxd4 c5
8. Nb3 Qxd1 9. Rxd1 Bg4 10. f3 Bd7 11. Be3 b6 12. Nc3 Ne7 13. a4 a5 14. Rd2
Ng6 15. Rad1 Bc6 16. Nd5 Bxd5 1/2-1/2

[Event "TCh-ESP"]
[Site "Lanzarote ESP"]
[Date "2003.05.13"]
[Round "8"]
[White "Villavicencio,A"]
[Black "De la Rocha,R"]
[Result "1/2-1/2"]
[WhiteElo "2334"]
[BlackElo "2335"]
[EventDate "2003.05.06"]

1. d4 Nf6 2. c4 e6 3. Nf3 Bb4+ 4. Bd2 Qe7 5. g3 Nc6 6. Bg2 Bxd2+ 7. Nbxd2
d6 8. O-O a5 9. e4 e5 10. d5 Nb8 1/2-1/2

[Event "TCh-ESP"]
[Site "Lanzarote ESP"]
[Date "2003.05.13"]
[Round "8"]
[White "Reinaldo Castineira,R"]
[Black "Campora,D"]
[Result "0-1"]
[WhiteElo "2405"]
[BlackElo "2506"]
[EventDate "2003.05.06"]

1. e4 e5 2. Nf3 Nc6 3. Bb5 a6 4. Ba4 Nf6 5. O-O Be7 6. Re1 b5 7. Bb3 O-O 8.
a4 Bb7 9. d3 d6 10. Nbd2 Na5 11. Ba2 c5 12. Nf1 h6 13. Ne3 Re8 14. Bd2 Nc6
15. Bd5 Bf8 16. c4 bxc4 17. Bxc4 Rb8 18. Nf5 Bc8 19. N3h4 g5 20. Nf3 Bxf5
21. exf5 Qc8 22. h4 g4 23. Nh2 Qxf5 24. Bxa6 Nd4 25. Bc3 Rb6 26. Bxd4 Rxa6
27. Bc3 d5 28. Qe2 d4 29. Bd2 Rae6 30. f3 g3 31. Nf1 Qg6 32. a5 Ra6 33.
Reb1 Ree6 34. b4 cxb4 35. Bxb4 Bxb4 36. Rxb4 Nd5 37. Rb8+ Kg7 38. Qe4 Nf4
39. Rb3 Qxe4 40. fxe4 Ne2+ 41. Kh1 Rec6 42. Rb5 Kf6 43. Nd2 Nf4 44. Nf1 Ne2
45. Nd2 Nc3 46. Rb7 Ke6 47. Rb8 f6 48. Rg8 Ne2 49. Nc4 h5 50. Rb1 Rxc4 51.
dxc4 Rxa5 52. Rgb8 Kd7 53. R8b7+ Kc6 54. Rf7 Nc3 55. Rxf6+ Kc5 56. Rc1 d3
57. Rf3 Kd4 58. Rxg3 Ne2 59. Rxd3+ Kxd3 0-1

[Event "TCh-ESP"]
[Site "Lanzarote ESP"]
[Date "2003.05.13"]
[Round "8"]
[White "Vassallo,M"]
[Black "Toledano Llinares,J"]
[Result "1/2-1/2"]
[WhiteElo "2440"]
[BlackElo "2357"]
[EventDate "2003.05.06"]

1. d4 d6 2. g3 g6 3. Bg2 Bg7 4. c4 e5 5. dxe5 dxe5 6. Qxd8+ Kxd8 7. Nc3 c6
8. b3 Bf5 9. Bb2 Nd7 10. Nf3 f6 11. Nd2 Nh6 12. Nde4 Kc7 13. h3 Nf7 14. g4
Be6 15. Rc1 f5 16. gxf5 gxf5 17. Ng3 Rae8 18. Bd5 Nd6 19. Ba3 f4 20. Bxe6
Rxe6 21. Nge4 Nxe4 22. Nxe4 Rg6 23. Rd1 Bf8 24. Bxf8 Rxf8 25. Rd3 Nf6 26.
Nc5 Re8 27. Kf1 e4 28. Rd1 b6 29. Na6+ Kc8 30. Nb4 Nd7 31. Rg1 Reg8 32.
Rxg6 Rxg6 33. Nc2 Kc7 34. Rd4 Nf6 35. Ne1 c5 36. Rd1 Rg5 37. Ng2 Nh5 38.
Rd2 Rf5 39. Nh4 Re5 40. Ng2 a6 41. Rd1 b5 42. Ne1 Ng7 43. Ng2 Rf5 44. e3 f3
45. Nf4 1/2-1/2

[Event "TCh-ESP"]
[Site "Lanzarote ESP"]
[Date "2003.05.13"]
[Round "8"]
[White "Garcia Padron,Jo"]
[Black "Barrero Garcia,C"]
[Result "1/2-1/2"]
[WhiteElo "2421"]
[BlackElo "2327"]
[EventDate "2003.05.06"]

1. d4 Nf6 2. c4 g6 3. Nc3 Bg7 4. e4 d6 5. f3 O-O 6. Bg5 a6 7. Qd2 c5 8. d5
b5 9. cxb5 Qa5 10. b6 Qxb6 11. Rb1 Re8 12. Bd3 e6 13. Nge2 Nbd7 14. dxe6
fxe6 15. Bh6 Bxh6 16. Qxh6 Ne5 17. Bc2 c4 18. h4 Nh5 19. Qd2 Rf8 20. Qd4
Qxd4 21. Nxd4 Bd7 22. Nde2 Rab8 23. O-O Rb6 24. b3 Rc8 25. bxc4 Rbc6 26.
Rb7 Rxc4 27. Bb3 R4c7 28. Rxc7 Rxc7 29. f4 Nd3 30. f5 Nc5 31. fxe6 Bxe6 32.
Bxe6+ Nxe6 33. Nd5 Rc4 34. g4 Rxe4 35. gxh5 Rxe2 36. h6 Re5 37. Nf6+ Kh8
38. Rb1 Rb5 39. Re1 Re5 40. Rc1 Rc5 41. Nd5 Kg8 42. Rf1 Kh8 43. Ne7 Re5 44.
Re1 1/2-1/2

[Event "TCh-ESP"]
[Site "Lanzarote ESP"]
[Date "2003.05.14"]
[Round "9"]
[White "Korneev,O"]
[Black "Kolev,At"]
[Result "0-1"]
[WhiteElo "2606"]
[BlackElo "2556"]
[EventDate "2003.05.06"]

1. e4 c5 2. Nf3 Nc6 3. d4 cxd4 4. Nxd4 Qb6 5. Nb3 Nf6 6. Nc3 e6 7. Bd3 a6
8. Be3 Qc7 9. f4 d6 10. Qf3 b5 11. O-O-O Bb7 12. Kb1 h5 13. Rhf1 Be7 14. f5
O-O-O 15. h3 Rde8 16. Qf2 Kb8 17. Bb6 Qc8 18. a4 b4 19. Na2 Nd7 20. Na5
exf5 21. exf5 Bf6 22. Nc4 Nxb6 23. Nxb6 Qd8 24. Bc4 Nd4 25. a5 b3 26. cxb3
Be4+ 27. Bd3 Bxd3+ 28. Rxd3 Re2 29. Qf4 Rxb2+ 30. Kxb2 Ne2+ 31. Ka3 Nxf4
32. Rxf4 Re8 33. Nb4 Kb7 34. Rc4 Re2 35. N4d5 Bb2+ 36. Kb4 Be5 37. Rd1 Bb2
38. g4 hxg4 39. hxg4 Qe8 40. Nc7 Qe5 41. Ncd5 Re4 42. Rxe4 Qxe4+ 43. Nc4
Be5 44. Ka3 Qxg4 45. Nde3 Qf4 46. Nxe5 Qxe5 47. Nc4 Qc5+ 48. Kb2 d5 49. Nb6
Qxa5 50. Nxd5 Qc5 51. f6 g5 52. Rd2 g4 53. Nc3 g3 54. Rd7+ Kc8 55. Rd2 Qe5
56. Kc2 Qf5+ 57. Kb2 Qxf6 58. Rc2 Kb7 59. Ka2 Qf2 60. Kb2 f5 61. Re2 f4 62.
Ka3 Qc5+ 63. Kb2 f3 64. Re6 g2 65. Ne4 Qd4+ 0-1

[Event "TCh-ESP"]
[Site "Lanzarote ESP"]
[Date "2003.05.14"]
[Round "9"]
[White "Graf,A"]
[Black "Matamoros Franco,C"]
[Result "1/2-1/2"]
[WhiteElo "2630"]
[BlackElo "2472"]
[EventDate "2003.05.06"]

1. d4 Nf6 2. Nf3 g6 3. g3 Bg7 4. Bg2 O-O 5. O-O d6 6. Nbd2 Nbd7 7. e4 e5 8.
dxe5 dxe5 9. Qe2 b6 10. b3 a5 11. a4 1/2-1/2

[Event "TCh-ESP"]
[Site "Lanzarote ESP"]
[Date "2003.05.14"]
[Round "9"]
[White "Campora,D"]
[Black "Arizmendi Martinez,J"]
[Result "1/2-1/2"]
[WhiteElo "2506"]
[BlackElo "2516"]
[EventDate "2003.05.06"]

1. e4 c5 2. Nf3 Nc6 3. Bb5 a6 4. Bxc6 dxc6 5. d3 Qc7 6. e5 Bg4 7. Nbd2 e6
8. h3 Bh5 9. O-O Ne7 10. Re1 Nd5 1/2-1/2

[Event "TCh-ESP"]
[Site "Lanzarote ESP"]
[Date "2003.05.14"]
[Round "9"]
[White "Hector,J"]
[Black "San Segundo Carrillo,P"]
[Result "0-1"]
[WhiteElo "2553"]
[BlackElo "2515"]
[EventDate "2003.05.06"]

1. e4 c5 2. Nf3 Nc6 3. d4 cxd4 4. Nxd4 Nf6 5. Nc3 e5 6. Ndb5 d6 7. a4 a6 8.
Na3 Bg4 9. Be2 Bxe2 10. Qxe2 d5 11. Bg5 Nd4 12. Bxf6 Nxe2 13. Bxd8 Nxc3 14.
Bc7 Nxa4 15. Bxe5 f6 16. Bd4 O-O-O 17. Nb1 b5 18. exd5 Rxd5 19. Be3 Nxb2
20. Ke2 Kb7 21. Nd2 Bb4 22. c3 Bxc3 23. Ne4 Bd4 24. Bxd4 Rxd4 25. Nc5+ Kb6
26. Rhc1 Nc4 27. Nxa6 Re8+ 28. Kf3 Ra8 0-1

[Event "TCh-ESP"]
[Site "Lanzarote ESP"]
[Date "2003.05.14"]
[Round "9"]
[White "Damljanovic,B"]
[Black "Rodriguez,Or"]
[Result "1/2-1/2"]
[WhiteElo "2587"]
[BlackElo "2464"]
[EventDate "2003.05.06"]

1. Nf3 d5 2. d4 Nf6 3. c4 e6 4. Nc3 Bb4 5. Qa4+ Nc6 6. e3 Bd7 7. Qc2 O-O 8.
Bd2 a6 9. a3 Be7 10. Rd1 dxc4 11. Bxc4 Bd6 12. Ne2 Qe7 13. Ng3 b5 14. Bd3
g6 1/2-1/2

[Event "TCh-ESP"]
[Site "Lanzarote ESP"]
[Date "2003.05.14"]
[Round "9"]
[White "Lezcano Jaen,P"]
[Black "Granados Gomez,M"]
[Result "1/2-1/2"]
[WhiteElo "2404"]
[BlackElo "2417"]
[EventDate "2003.05.06"]

1. d4 d5 2. c4 c6 3. Nc3 dxc4 4. e3 b5 5. a4 b4 6. Na2 e6 7. Bxc4 Nf6 8.
Nf3 Nbd7 9. O-O Bb7 10. b3 Be7 11. Bb2 O-O 12. Nc1 a5 13. Nd3 c5 1/2-1/2